Human rights in Sri Lanka: (Record no. 4649)

MARC details
000 -LEADER
fixed length control field 00429nam a2200133 4500
008 - FIXED-LENGTH DATA ELEMENTS--GENERAL INFORMATION
fixed length control field 240118b |||||||| |||| 00| 0 eng d
082 ## - DEWEY DECIMAL CLASSIFICATION NUMBER
Classification number 341.48
Item number SRI
942 ## - ADDED ENTRY ELEMENTS (KOHA)
Item Type Reports
110 ## - MAIN ENTRY--CORPORATE NAME
Corporate Name Sri Lanka, Government information department
245 ## - TITLE STATEMENT
Title Human rights in Sri Lanka:
Sub Title Status report
260 ## - PUBLICATION, DISTRIBUTION, ETC. (IMPRINT)
Place of Publication Colombo:
Name of Publisher Government information department, Overseas publicity division,
Date of Copyright 1992
300 ## - PHYSICAL DESCRIPTION
Extent 25 p.
650 ## - SUBJECT ADDED ENTRY--TOPICAL TERM
Topical Term HUMAN RIGHTS-Sri Lanka
Holdings
Withdrawn status Lost status Source of classification or shelving scheme Damaged status Not for loan Permanent location Current location Date acquired Total Checkouts Full call number Barcode Date last seen Price effective from Koha item type
    Dewey Decimal Classification     Resource center, Muslim Women's Research And Action Forum Resource center, Muslim Women's Research And Action Forum 2024-01-18   341.48 SRI RAF4771 2024-01-18 2024-01-18 Reports

Copyright © 2023 Muslim Women's Research and Action Forum (MWRAF), No 27/3, Anderson Road, Kalubowila, Dehiwela. Funded by The Asia Fundation